| 000 | 00000nam##2200000za#4500 |
| 001 | 9.641230 |
| 003 | CaOODSP |
| 005 | 20250403105358 |
| 007 | cr ||||||||||| |
| 008 | 150407|1991||||xxc|||||o f|0| 0 fre|d |
| 040 | |aCaOODSP|bfre |
| 043 | |an-cn--- |
| 086 | 1 |aCS92-N0052/1991F-PDF |
| 245 | 00|aGuide de formation des recenseurs - dénombrement anticipé |h[ressource électronique] |
| 260 | |aOttawa - Ontario : |bStatistique Canada |c1991. |
| 500 | |aPublication du recensement historique numérisé par Statistique Canada. |
| 590 | |a13-04-Supp|b2013-02-13 |
| 691 | 07|aFormation|2gcpds |
| 691 | 07|aRecensement|2gcpds |
| 710 | 2 |aStatistique Canada. |
| 775 | 08|tCensus representative training guide - early enumeration |w(CaOODSP)9.697162 |
| 856 | 40|ahttp://publications.gc.ca|qPDF|s2.0 Mo|uhttps://publications.gc.ca/collections/collection_2013/statcan/rh-hc/CS92-N0052-1991-fra.pdf |